000 00293nam a2200121Ia 4500
008 231120s2019 xx 000 0 und d
041 _aeng
082 _a751.45
100 _aMARYLIN SCOTT
245 _aTHE OIL PAINTERS BIBLE
260 _aSEARCH PRESS
_bSEARCH PRESS
_c2019
300 _aP-192
999 _c933450
_d933450